[Event "Regionalliga SW 1415"]
[Site "Bayern"]
[Date "2015.03.15"]
[Round "8.4"]
[White "Harting, Andreas"]
[Black "Wuerdinger, Alexander"]
[Result "1/2-1/2"]
[WhiteElo "1800"]
[BlackElo "2024"]
[PlyCount "159"]
[EventDate "2014.10.19"]
[EventType "team-tourn"]
[EventRounds "9"]
[EventCountry "GER"]
[SourceTitle "EXT 2018"]
[Source "ChessBase"]
[SourceDate "2017.10.13"]
[SourceVersion "1"]
[SourceVersionDate "2017.10.13"]
[SourceQuality "1"]
[WhiteTeam "Solln"]
[BlackTeam "Haar"]
[WhiteTeamCountry "GER"]
[BlackTeamCountry "GER"]

1. d4 Nf6 2. e3 b6 3. f4 Bb7 4. Nf3 d6 5. c4 Nbd7 6. Nc3 g6 7. Bd3 Bg7 8. 0-0 0-0 9. Rb1 a5 10. e4 e5 11. fxe5 dxe5 12. d5 Nh5 13. Ne2 Nc5 14. Bc2 Bc8 15. Bg5 Qe8 16. Nh4 f6 17. Be3 Rf7 18. Qd2 Qf8 19. a3 a4 20. Nc3 f5 21. Qd1 f4 22. Bf2 Nf6 23. h3 Bd7 24. Nf3 Ne8 25. Ng5 Rf6 26. Nf3 Rd6 27. Bxc5 bxc5 28. Bxa4 Bxa4 29. Nxa4 Rda6 30. Nc3 Nd6 31. Qe2 Qb8 32. Qd3 Qb3 33. Nd2 Qb6 34. a4 g5 35. b3 Ne8 36. Nb5 Qg6 37. Nf3 h5 38. h4 g4 39. Nd2 g3 40. Nf3 Bf6 41. Rfd1 Rd8 42. Qc2 Rd7 43. Kf1 Nd6 44. Nxd6 cxd6 45. Ke2 Rb7 46. Rh1 Rab6 47. Qd3 Rb8 48. Kd2 Qg7 49. Kc2 Qe7 50. Qe2 Qb7 51. Nd2 Qh7 52. Nf3 R6b7 53. Rh3 Rg7 54. Rbh1 Rg4 55. Rb1 Qe7 56. Rbh1 Qb7 57. Qd3 Bd8 58. Rb1 Ba5 59. Ng5 Qb4 60. Ra1 Rb7 61. Nf3 Rbg7 62. Rhh1 Bd8 63. Rh3 Kf8 64. Qc3 Qb8 65. Rah1 Ke8 66. Rb1 Ra7 67. Rhh1 Ba5 68. Qd3 Qb4 69. Ra1 Rb7 70. Ng5 Kd7 71. Nf3 Rg8 72. Rhb1 Rgb8 73. Ng5 Bd8 74. Nf3 Bf6 75. Qc3 Qb6 76. Qd3 Qd8 77. Rh1 Qg8 78. Rh3 Qg6 79. Qe2 Bd8 80. Qd3 1/2-1/2

[Event "Regionalliga SW 0607"]
[Site "Bayern"]
[Date "2006.11.19"]
[Round "3.7"]
[White "Katzer, Joachim"]
[Black "Harting, Andreas"]
[Result "1/2-1/2"]
[WhiteElo "1947"]
[BlackElo "1905"]
[PlyCount "44"]
[EventDate "2006.10.15"]
[EventType "team-tourn"]
[EventRounds "9"]
[EventCountry "GER"]
[SourceTitle "EXT 2008"]
[Source "ChessBase"]
[SourceDate "2007.11.25"]
[SourceVersion "1"]
[SourceVersionDate "2007.11.25"]
[SourceQuality "1"]
[WhiteTeam "Muenchen Sendling"]
[BlackTeam "Klosterlechfeld"]
[WhiteTeamCountry "GER"]
[BlackTeamCountry "GER"]

1. d4 d5 2. c4 c6 3. Nf3 e6 4. cxd5 exd5 5. Qc2 Nf6 6. Bg5 Be7 7. Nc3 Bg4 8. Ne5 Bh5 9. e3 Nbd7 10. Nxd7 Qxd7 11. Bd3 Bg6 12. a3 0-0 13. Bxg6 hxg6 14. 0-0 Rfe8 15. Rab1 Bd6 16. Bxf6 gxf6 17. b4 a6 18. Na4 Bc7 19. Nc5 Qd6 20. g3 Rab8 21. Rb3 Kg7 22. Kg2 Rh8 1/2-1/2

[Event "Regionalliga SW 9900"]
[Site "Bayern"]
[Date "1999.??.??"]
[Round "3.6"]
[White "Harting, Andreas"]
[Black "Kowarsch, Heinrich"]
[Result "0-1"]
[WhiteElo "1890"]
[BlackElo "1930"]
[PlyCount "126"]
[EventDate "1999.??.??"]
[EventType "team-tourn"]
[EventRounds "9"]
[EventCountry "GER"]
[SourceTitle "EXT 2020"]
[Source "ChessBase"]
[SourceDate "2019.10.17"]
[SourceVersion "1"]
[SourceVersionDate "2019.10.17"]
[SourceQuality "1"]
[WhiteTeam "Noerdlingen"]
[BlackTeam "Tuerkheim"]
[WhiteTeamCountry "GER"]
[BlackTeamCountry "GER"]

1. e4 c5 2. c4 Nc6 3. Nc3 g6 4. d3 Bg7 5. Nf3 d6 6. Be2 a6 7. Rb1 Rb8 8. 0-0 b5 9. cxb5 axb5 10. Bd2 b4 11. Nd5 e6 12. Ne3 Ra8 13. Qb3 Nge7 14. a4 Bd7 15. Qd1 b3 16. Qxb3 Nd4 17. Nxd4 Bxa4 18. Nxe6 Bxb3 19. Nxd8 Rxd8 20. Bc3 0-0 21. Ra1 d5 22. exd5 Nxd5 23. Bxg7 Kxg7 24. Nxd5 Rxd5 25. Ra3 Rb8 26. Rc1 Re5 27. Kf1 Bd5 28. Rc2 Bb3 29. Rd2 Rb4 30. Ra5 Rd4 31. g3 g5 32. Bf3 g4 33. Be4 Rexe4 34. Rxc5 Re6 35. Rc3 Bd5 36. Re2 Ra6 37. Re1 Ra2 38. Rb1 Rb4 39. Rc2 Rb3 40. Ke2 Kf6 41. Kd2 Ke5 42. Rc3 Raxb2+ 43. Rxb2 Rxb2+ 44. Ke3 Bf3 45. Rc5+ Kf6 46. h3 Re2+ 47. Kf4 Rxf2 48. hxg4 Bd1+ 49. Ke3 Rf3+ 50. Kd2 Bb3 51. g5+ Kg6 52. d4 Rxg3 53. d5 Rxg5 54. Rc6+ Kg7 55. d6 Be6 56. Ke3 Rd5 57. Ke4 h5 58. Kf4 Kg6 59. Kg3 Kg5 60. Rb6 h4+ 61. Kh2 Rd2+ 62. Kh1 h3 63. Ra6 Bd5+ 0-1